[Event "Women's Speed Chess Q2"]
[Site "chess.com INT"]
[Date "2020.06.19"]
[Round "8"]
[White "Osmak, Iulija"]
[Black "Pham, Le Thao Nguyen"]
[Result "0-1"]
[WhiteTitle "IM"]
[BlackTitle "IM"]
[WhiteElo "2438"]
[BlackElo "2366"]
[WhiteFideId "14101602"]
[BlackFideId "12401226"]
[EventDate "2020.06.19"]

1. d4 d5 2. c4 c6 3. cxd5 cxd5 4. Nc3 Nc6 5. e4 e6 6. e5 f5 7. Nf3 a6 8. Bd3 Bb4
9. O-O Nge7 10. Bd2 O-O 11. Rc1 Bd7 12. a3 Ba5 13. Ne2 Bb6 14. Be3 Ng6 15. Qd2
Be8 16. Bb1 Qd7 17. Rfd1 h6 18. Ne1 f4 19. Nxf4 Nxf4 20. Bxf4 Nxd4 21. Be3 Nb3
22. Qc2 Bxe3 23. fxe3 Nxc1 24. Qh7+ Kf7 25. Rxc1 Ke7 26. Qxg7+ Rf7 27. Qxh6 Kd8
28. Nf3 Rc8 29. Rf1 Rc6 30. Bg6 Re7 31. Nd4 Rc4 32. Rf8 Kc7 0-1

[Event "Women's Speed Chess Q2"]
[Site "chess.com INT"]
[Date "2020.06.19"]
[Round "8"]
[White "Chumpitaz, Ann"]
[Black "Bogumil, Tatiana"]
[Result "1-0"]
[WhiteTitle "WIM"]
[BlackTitle "WGM"]
[WhiteElo "2244"]
[BlackElo "2182"]
[WhiteFideId "3804178"]
[BlackFideId "4110579"]
[EventDate "2020.06.19"]

1. e4 g6 2. d4 Bg7 3. Nc3 c6 4. f4 d6 5. Be3 Nf6 6. Be2 a5 7. e5 Nd5 8. Nxd5
cxd5 9. Qd2 Nc6 10. a3 a4 11. h3 Bf5 12. Nf3 h6 13. O-O h5 14. Bb5 Qa5 15. Qe2
Rc8 16. c3 Bd7 17. exd6 e6 18. Bd3 Qd8 19. Ne5 h4 20. Qg4 Qf6 21. Rae1 Nb8 22.
Qe2 O-O 23. Nxd7 Nxd7 24. Bb5 Nb6 25. Qc2 Rfd8 26. Bxa4 Rxd6 27. Bb5 Nc4 28. Bc1
Rdd8 29. Qf2 Nd6 30. Bd3 Nf5 31. Bxf5 Qxf5 32. Qxh4 Bf6 33. Qf2 Qh5 34. Qf3 1-0

[Event "Women's Speed Chess Q2"]
[Site "chess.com INT"]
[Date "2020.06.19"]
[Round "8"]
[White "Jakubowska, Anna"]
[Black "Ovezdurdiyeva, Jemal"]
[Result "1-0"]
[WhiteTitle "WIM"]
[BlackTitle "WFM"]
[WhiteElo "2073"]
[BlackElo "2061"]
[WhiteFideId "1121952"]
[BlackFideId "14001888"]
[EventDate "2020.06.19"]

1. e4 c5 2. Nc3 d6 3. g3 a6 4. Bg2 Nc6 5. Nge2 Qc7 6. d4 cxd4 7. Nxd4 Nf6 8. O-O
g6 9. a4 Bg7 10. Re1 O-O 11. Nxc6 bxc6 12. h3 e5 13. Be3 Be6 14. a5 Nd7 15. Qd2
Rab8 16. b3 Rfd8 17. Na4 c5 18. Red1 Bf8 19. Bf1 Qc6 20. Qe2 Qxe4 21. Bg2 Qb4
22. Qxa6 c4 23. Nb6 cxb3 24. cxb3 Bxb3 25. Rdb1 Nxb6 26. Bxb6 Bc4 27. Qa7 Qd2
28. Rd1 Qc2 29. Bxd8 Rxd8 30. Rac1 Qa2 31. Qb6 Rd7 32. Ra1 Qc2 33. a6 d5 34. a7
Rxa7 35. Qxa7 Bb3 36. Rdc1 Qd2 37. Qe3 1-0

[Event "Women's Speed Chess Q2"]
[Site "chess.com INT"]
[Date "2020.06.19"]
[Round "8"]
[White "Limontaite, Simona"]
[Black "Arakhamia-Grant, Ketevan"]
[Result "1-0"]
[WhiteTitle "WIM"]
[BlackTitle "GM"]
[WhiteElo "2171"]
[BlackElo "2380"]
[WhiteFideId "12802506"]
[BlackFideId "13600168"]
[EventDate "2020.06.19"]

1. d4 Nf6 2. c4 g6 3. Nc3 Bg7 4. e4 d6 5. Be2 O-O 6. Bg5 Na6 7. Qd2 c5 8. d5 Nc7
9. h3 e6 10. Nf3 exd5 11. exd5 a6 12. O-O Re8 13. Rae1 Bd7 14. Qf4 h6 15. Bxh6
Nh5 16. Qd2 b5 17. cxb5 axb5 18. a3 b4 19. axb4 cxb4 20. Nd1 Ra5 21. Bxg7 Kxg7
22. Ne3 Nf4 23. Qxb4 Ra4 24. Qc3+ Kg8 25. Qd2 Qf6 26. Bd1 Ra2 27. Nc4 Ncxd5 28.
Rxe8+ Bxe8 29. Bb3 Ra8 30. Nd4 Bd7 31. Re1 Qg5 32. g3 Nxh3+ 33. Kh2 Qh5 34. Kg2 1-0

[Event "Women's Speed Chess Q2"]
[Site "chess.com INT"]
[Date "2020.06.19"]
[Round "8"]
[White "Gaponenko, Inna"]
[Black "Mammadzada, Gunay"]
[Result "1-0"]
[WhiteTitle "IM"]
[BlackTitle "IM"]
[WhiteElo "2396"]
[BlackElo "2443"]
[WhiteFideId "14101181"]
[BlackFideId "13403729"]
[EventDate "2020.06.19"]

1. e4 c5 2. Nf3 d6 3. d4 cxd4 4. Nxd4 Nf6 5. Nc3 a6 6. Be3 e5 7. Nb3 Be6 8. Qd2
Nbd7 9. O-O-O Be7 10. f4 b5 11. f5 Bc4 12. Kb1 O-O 13. Rg1 a5 14. Bxc4 bxc4 15.
Nc1 Nb6 16. g4 Nfd7 17. g5 f6 18. g6 Kh8 19. Qg2 Re8 20. Qh3 Nf8 21. Bh6 hxg6
22. Bxg7+ Kxg7 23. Rxg6+ Nxg6 24. Rg1 Rh8 25. Rxg6+ Kf7 26. Qf1 Rg8 27. h4 Rxg6
28. fxg6+ Kxg6 29. N1e2 Qd7 30. Ng3 Qg4 31. Nf5 Bf8 32. a4 Nd7 33. Qxc4 Nc5 34.
Qg8+ Kh5 35. Qh7+ 1-0

[Event "Women's Speed Chess Q2"]
[Site "chess.com INT"]
[Date "2020.06.19"]
[Round "8"]
[White "Antolak, Julia"]
[Black "Paramzina, Anastasya"]
[Result "1-0"]
[WhiteTitle "WIM"]
[BlackTitle "WGM"]
[WhiteElo "2323"]
[BlackElo "2209"]
[WhiteFideId "1159569"]
[BlackFideId "4165012"]
[EventDate "2020.06.19"]

1. e4 c5 2. Nf3 d6 3. d4 cxd4 4. Nxd4 Nf6 5. Nc3 a6 6. Bg5 Nbd7 7. Bc4 g6 8. Qe2
Bg7 9. O-O-O O-O 10. Kb1 Qa5 11. h4 Ne5 12. Bb3 b5 13. Nd5 Nxd5 14. exd5 Qc7 15.
f3 b4 16. h5 a5 17. Ba4 Ba6 18. Qe3 Nc4 19. Qxe7 Qc5 20. hxg6 hxg6 21. Nb3 Qc8
22. Bh6 Qf5 23. Qh4 Bxb2 24. Nd4 Bxd4 25. Qxd4 f6 26. Bxf8 Rxf8 27. Bb3 Na3+ 28.
Kb2 Rc8 29. Rd2 a4 30. Bxa4 Rc4 31. Qe3 Bb5 32. Bb3 Rc3 33. Qe6+ Qxe6 34. dxe6
Kf8 35. Rxd6 Ke7 36. Rb6 Nc4+ 37. Bxc4 Bxc4 38. Rh7+ Kd8 39. Rb8# 1-0

[Event "Women's Speed Chess Q2"]
[Site "chess.com INT"]
[Date "2020.06.19"]
[Round "8"]
[White "Dzagnidze, Nana"]
[Black "Vantika, Agrawal"]
[Result "1/2-1/2"]
[WhiteTitle "GM"]
[BlackTitle "WIM"]
[WhiteElo "2524"]
[BlackElo "2286"]
[WhiteFideId "13601903"]
[BlackFideId "25050389"]
[EventDate "2020.06.19"]

1. c4 e5 2. Nc3 Nf6 3. g3 c6 4. d4 e4 5. d5 Bb4 6. Bd2 Qe7 7. Bg2 cxd5 8. cxd5
Na6 9. a3 Bxc3 10. Bxc3 e3 11. f4 d6 12. Qd4 O-O 13. Rd1 Nc5 14. Nf3 Re8 15. O-O
Bd7 16. b4 Nce4 17. Bb2 Ba4 18. Rc1 Rac8 19. Qxe3 Nxd5 20. Qd4 Nef6 21. Ng5 Qe3+
22. Qxe3 Nxe3 23. Rxc8 Rxc8 24. Rc1 Rxc1+ 25. Bxc1 Nxg2 26. Kxg2 Bc6+ 27. Kf2
Ne4+ 28. Nxe4 Bxe4 29. Ke3 f5 30. Bb2 Kf7 31. Bd4 a6 32. Bb6 g6 33. Kd4 Ke6 34.
e3 Bc6 35. Bc7 Ba4 36. Bb8 Bc6 37. Bc7 Ba4 38. Bb8 Bc6 39. Bc7 1/2-1/2

[Event "Women's Speed Chess Q2"]
[Site "chess.com INT"]
[Date "2020.06.19"]
[Round "8"]
[White "Hryzlova, Sofiia"]
[Black "Tarasova, Viktoriya"]
[Result "0-1"]
[BlackTitle "WIM"]
[WhiteElo "1940"]
[BlackElo "2226"]
[WhiteFideId "14174669"]
[BlackFideId "4175840"]
[EventDate "2020.06.19"]

1. c4 c5 2. Nf3 Nc6 3. Nc3 e5 4. g3 g6 5. Bg2 Bg7 6. O-O Nge7 7. Ne1 O-O 8. Nc2
d6 9. Ne3 Rb8 10. a3 a6 11. Rb1 b5 12. cxb5 axb5 13. b4 cxb4 14. axb4 Be6 15.
Ned5 Nxd5 16. Nxd5 Ne7 17. Qb3 f5 18. d3 Kh8 19. Bg5 Bf6 20. Bxf6+ Rxf6 21. e4
Rf8 22. f4 fxe4 23. dxe4 Nc6 24. Qe3 Nd4 25. Rfd1 Bxd5 26. exd5 Qb6 27. Kh1 Rbe8
28. Rbc1 Qb7 29. fxe5 dxe5 30. d6 Qd7 31. Rxd4 exd4 32. Qxd4+ Qg7 33. Qh4 Rd8
34. Rd1 Qf6 35. Qxf6+ Rxf6 36. d7 Kg7 37. Kg1 Kf7 38. Bd5+ Ke7 39. Re1+ Kxd7 40.
Rc1 Rc8 41. Rd1 Rd6 42. Kg2 Ke7 43. Re1+ Kf6 0-1

[Event "Women's Speed Chess Q2"]
[Site "chess.com INT"]
[Date "2020.06.19"]
[Round "8"]
[White "Smietanska, Wiktoria"]
[Black "Starosta, Martyna"]
[Result "0-1"]
[WhiteTitle "CM"]
[BlackTitle "WCM"]
[WhiteElo "1593"]
[BlackElo "2079"]
[WhiteFideId "21869359"]
[BlackFideId "21818754"]
[EventDate "2020.06.19"]

1. c4 e5 2. Nc3 Nf6 3. Nf3 Nc6 4. e4 d6 5. d4 Bg4 6. d5 Nd4 7. Be2 Nxe2 8. Qxe2
g6 9. h3 Bxf3 10. Qxf3 Be7 11. Bh6 Nd7 12. O-O Bg5 13. Bxg5 Qxg5 14. Nb5 Qd8 15.
b4 a6 16. Nc3 O-O 17. Rac1 b6 18. Na4 a5 19. b5 Kh8 20. g4 Qg5 21. Qg3 f5 22.
exf5 gxf5 23. gxf5 Rxf5 24. Qxg5 Rxg5+ 25. Kh2 Rf8 26. Nc3 Nc5 27. Rc2 Rf3 28.
Rg1 Rxg1 29. Kxg1 Rxh3 30. Kg2 Rh4 31. Ne2 Rg4+ 32. Kf3 Rg6 33. Ng3 Rf6+ 34. Ke3
Rf4 35. Ne2 Rf7 36. f4 exf4+ 37. Nxf4 Re7+ 38. Kf3 Rf7 39. Ke3 Re7+ 40. Kf3 Re1
41. Rh2 Rf1+ 42. Ke2 Ra1 43. Nd3 Rxa2+ 0-1

[Event "Women's Speed Chess Q2"]
[Site "chess.com INT"]
[Date "2020.06.19"]
[Round "8"]
[White "Voit, Daria"]
[Black "Foisor, Sabina-Francesca"]
[Result "0-1"]
[WhiteTitle "WGM"]
[BlackTitle "WGM"]
[WhiteElo "2343"]
[BlackElo "2228"]
[WhiteFideId "4182146"]
[BlackFideId "1212915"]
[EventDate "2020.06.19"]

1. d4 d5 2. c4 c6 3. Nf3 Nf6 4. Qc2 a6 5. c5 g6 6. Bf4 Bg7 7. h3 O-O 8. e3 Bf5
9. Qb3 Ra7 10. g4 Be4 11. Nbd2 Nbd7 12. Be2 e5 13. Bg3 exd4 14. exd4 Re8 15. O-O
Bxf3 16. Bxf3 Ne4 17. Bxe4 dxe4 18. Qc4 Nf6 19. Be5 Qd5 20. Rfe1 Nd7 21. Bxg7
Kxg7 22. Qxd5 cxd5 23. Nf1 Nb8 24. Ne3 Nc6 25. Nxd5 Nxd4 26. Red1 Ne6 27. b4
Raa8 28. Nb6 Rad8 29. Kg2 f5 30. gxf5 gxf5 31. Kg3 Kf6 32. Nd7+ Ke7 33. Ne5 Rg8+
34. Kh2 Nd4 35. Kh1 Ke6 36. Nc4 Nf3 37. Na5 Rxd1+ 38. Rxd1 Rg7 39. a4 f4 40. b5
axb5 41. axb5 e3 42. fxe3 fxe3 43. Nb3 e2 44. Nd4+ Nxd4 45. Re1 Kd5 0-1

[Event "Women's Speed Chess Q2"]
[Site "chess.com INT"]
[Date "2020.06.19"]
[Round "8"]
[White "Soumya, Swaminathan"]
[Black "Hernandez Bonilla, Amelia"]
[Result "0-1"]
[WhiteTitle "IM"]
[BlackTitle "WFM"]
[WhiteElo "2351"]
[BlackElo "2016"]
[WhiteFideId "5016193"]
[BlackFideId "3900193"]
[EventDate "2020.06.19"]

1. Nf3 e6 2. c4 d5 3. g3 Nf6 4. Bg2 Be7 5. O-O O-O 6. b3 c5 7. e3 Nc6 8. Bb2 d4
9. exd4 cxd4 10. d3 e5 11. Re1 Bd6 12. c5 Bc7 13. Nbd2 Bf5 14. Nc4 Re8 15. a3 a5
16. Bf1 Qd5 17. Nb6 Bxb6 18. cxb6 Rad8 19. Bg2 Qb5 20. Rc1 Qxd3 21. Nd2 e4 22.
Bf1 Bg4 23. Bxd3 Bxd1 24. Bxe4 Nxe4 25. Rcxd1 Nxd2 26. Rxe8+ Rxe8 27. Rxd2 Rd8
28. Rd3 Kf8 29. f4 Ke7 30. Kf2 Ke6 31. b4 axb4 32. axb4 Nxb4 33. Rxd4 Rxd4 34.
Bxd4 Kd5 35. Bxg7 Kc6 36. Bd4 Nd5 37. Kf3 Nxb6 38. Ke4 Nc4 39. g4 b5 40. h4 b4
41. Kd3 Kd5 42. Bf6 Nd6 43. f5 b3 0-1

[Event "Women's Speed Chess Q2"]
[Site "chess.com INT"]
[Date "2020.06.19"]
[Round "8"]
[White "Gokbulut, Julia"]
[Black "Sudakova, Irina"]
[Result "1-0"]
[WhiteTitle "WFM"]
[BlackTitle "WGM"]
[WhiteElo "1970"]
[BlackElo "2288"]
[WhiteFideId "4153979"]
[BlackFideId "4129903"]
[EventDate "2020.06.19"]

1. d4 d5 2. c4 e6 3. Nc3 c6 4. e3 Nf6 5. Nf3 Nbd7 6. b3 Bd6 7. Bb2 O-O 8. Qc2
Qe7 9. Be2 dxc4 10. bxc4 e5 11. h3 b6 12. O-O Bb7 13. Ne4 Nxe4 14. Qxe4 exd4 15.
Qxd4 Nf6 16. Qh4 Rfd8 17. Ng5 h6 18. Nf3 c5 19. Rad1 Bc7 20. a4 Bc6 21. a5 bxa5
22. g4 a4 23. g5 Nh7 24. gxh6 Qxh4 25. Nxh4 Ng5 26. f4 Ne4 27. hxg7 f6 28. Nf5
Kh7 29. Ne7 Bb7 30. Nf5 Rg8 31. Bd3 Rad8 32. Kh2 Bc6 33. Ng3 Rxd3 34. Rxd3 Nxg3
35. Kxg3 Rxg7+ 36. Kh4 Be4 37. Rd2 Rg6 38. f5 Rh6+ 39. Kg4 Be5 40. Bxe5 fxe5 41.
Rd7+ Kg8 42. f6 Rg6+ 43. Kh5 Rg3 44. f7+ Kf8 45. Rd8+ 1-0

[Event "Women's Speed Chess Q2"]
[Site "chess.com INT"]
[Date "2020.06.19"]
[Round "8"]
[White "Matveeva, Olga"]
[Black "Zvereva, Margarita"]
[Result "1-0"]
[WhiteTitle "WIM"]
[BlackTitle "WFM"]
[WhiteElo "2171"]
[BlackElo "1929"]
[WhiteFideId "24107018"]
[BlackFideId "34177741"]
[EventDate "2020.06.19"]

1. d4 d5 2. c4 e6 3. Nf3 Nf6 4. g3 Be7 5. Bg2 O-O 6. O-O c6 7. Qc2 b6 8. Nbd2
Bb7 9. e4 Na6 10. a3 Rc8 11. Rd1 c5 12. exd5 exd5 13. Qf5 dxc4 14. Nxc4 cxd4 15.
Rxd4 Qc7 16. Bf4 Qc5 17. Qd3 Rfd8 18. Nce5 Qc2 19. Rd1 Qxd3 20. R4xd3 Rxd3 21.
Nxd3 Nd5 22. Be5 f6 23. Bd4 Nc5 24. Nxc5 Bxc5 25. Bxc5 Rxc5 26. Nh4 Kf7 27. b4
Rb5 28. Nf5 Ke6 29. Nd4+ Ke5 30. Nxb5 Nxb4 31. axb4 Bxg2 32. Kxg2 a5 33. bxa5
bxa5 34. Ra1 Kd5 35. Rxa5 Kc4 36. Nc7 1-0

[Event "Women's Speed Chess Q2"]
[Site "chess.com INT"]
[Date "2020.06.19"]
[Round "8"]
[White "Sebag, Marie"]
[Black "Girya, Olga"]
[Result "1-0"]
[WhiteTitle "GM"]
[BlackTitle "WGM"]
[WhiteElo "2438"]
[BlackElo "2469"]
[WhiteFideId "617822"]
[BlackFideId "4195752"]
[EventDate "2020.06.19"]

1. e4 c6 2. d4 d5 3. exd5 cxd5 4. c3 Nf6 5. Bd3 Bg4 6. Qb3 Qd7 7. Bf4 Nc6 8. Nd2
e6 9. Ngf3 Bd6 10. Bxd6 Qxd6 11. O-O O-O 12. Rfe1 Nd7 13. h3 Bh5 14. Qc2 Bg6 15.
Bxg6 hxg6 16. Qd3 b5 17. Ng5 b4 18. h4 Nf6 19. Ndf3 bxc3 20. bxc3 Qf4 21. g3 Qf5
22. Qe3 Rab8 23. Re2 Rfe8 24. Kg2 Ng4 25. Qd2 Na5 26. Ne5 Nc4 27. Nxc4 dxc4 28.
Rae1 Qd5+ 29. f3 Nh6 30. Re5 Qd6 31. Rc5 Nf5 32. Ne4 Qd7 33. Rh1 Rec8 34. h5
Rxc5 35. Nxc5 Qd5 36. hxg6 fxg6 37. Ne4 Nd6 38. Ng5 Nf5 39. Ne4 Kf8 40. Rh8+ Ke7
41. Rxb8 1-0

[Event "Women's Speed Chess Q2"]
[Site "chess.com INT"]
[Date "2020.06.19"]
[Round "8"]
[White "Lahav, Michal"]
[Black "Schulze, Lara"]
[Result "1-0"]
[WhiteTitle "WIM"]
[BlackTitle "FM"]
[WhiteElo "2219"]
[BlackElo "2314"]
[WhiteFideId "2813742"]
[BlackFideId "12956830"]
[EventDate "2020.06.19"]

1. e4 c5 2. Nf3 Nc6 3. d4 cxd4 4. Nxd4 Nf6 5. Nc3 d6 6. Bg5 e6 7. Nxc6 bxc6 8.
Bd3 Be7 9. O-O O-O 10. Qf3 e5 11. Rad1 h6 12. Bh4 Be6 13. Rfe1 Rb8 14. b3 Bg4
15. Qg3 Bxd1 16. Rxd1 Nh5 17. Bxe7 Qxe7 18. Qf3 Nf4 19. Bf1 Kh8 20. Qe3 Ne6 21.
Ne2 Rfd8 22. Ng3 Qg5 23. Qxa7 g6 24. Qxf7 Nf4 25. Qa7 Ra8 26. Qb6 h5 27. h4 Qxh4
28. Qxc6 Qf6 29. c4 Rxa2 30. c5 h4 31. Nh1 Qg5 32. Rxd6 Rxd6 33. Qxd6 Nh3+ 34.
Kh2 Nxf2 35. Qf8+ Kh7 36. Nxf2 Qg3+ 37. Kg1 h3 38. Nxh3 Ra1 39. b4 1-0

[Event "Women's Speed Chess Q2"]
[Site "chess.com INT"]
[Date "2020.06.19"]
[Round "8"]
[White "Papp, Petra"]
[Black "Sihite, Chelsie Monica Ignesias"]
[Result "0-1"]
[WhiteTitle "WGM"]
[BlackTitle "WIM"]
[WhiteElo "2338"]
[BlackElo "2252"]
[WhiteFideId "739049"]
[BlackFideId "7101198"]
[EventDate "2020.06.19"]

1. e4 c5 2. Nf3 Nc6 3. Nc3 e6 4. d4 cxd4 5. Nxd4 Bc5 6. Nb3 Bb6 7. Qe2 a5 8. a4
Nge7 9. Be3 Bxe3 10. Qxe3 d5 11. O-O-O O-O 12. Bb5 Nb4 13. Kb1 Bd7 14. f3 Bxb5
15. Nxb5 Qc8 16. c3 Na6 17. Rd4 e5 18. Rdd1 Qc4 19. Nc1 Qxa4 20. Na3 d4 21. cxd4
Nb4 22. Qb3 Qc6 23. d5 Qd7 24. Nd3 b5 25. Nxb4 axb4 26. Qxb4 Rfb8 27. Rc1 Ra4
28. Qb3 b4 29. Nc4 Qa7 30. Rhd1 Rc8 31. d6 Ra1+ 32. Kc2 Qf2+ 33. Rd2 Rxc1+ 34.
Kxc1 Qf1+ 35. Rd1 Rxc4+ 36. Kb1 Qe2 37. dxe7 h6 38. Rd8+ Kh7 39. e8=Q Rc7 40.
Qg8+ Kg6 41. Qe8 Qe1+ 42. Rd1 Qe2 43. Qexf7+ Rxf7 44. Qe6+ Rf6 45. Qd5 Qe3 46.
g4 Qxf3 47. h4 Qxg4 48. Qd3 Kh7 49. Qd2 Rb6 50. Qd3 b3 51. Rf1 Qg2 52. Qf3 Qc2+
53. Ka1 Ra6# 0-1

[Event "Women's Speed Chess Q2"]
[Site "chess.com INT"]
[Date "2020.06.19"]
[Round "8"]
[White "Alboredo, Julia"]
[Black "Tsukerman, Julia"]
[Result "1/2-1/2"]
[WhiteTitle "WFM"]
[BlackTitle "WCM"]
[WhiteElo "2182"]
[BlackElo "1523"]
[WhiteFideId "2124807"]
[BlackFideId "2621649"]
[EventDate "2020.06.19"]

1. e4 c5 2. Nf3 d6 3. d4 cxd4 4. Nxd4 Nf6 5. Nc3 a6 6. a3 e5 7. Nf5 Nxe4 8.
Nxg7+ Bxg7 9. Nxe4 d5 10. Bg5 f6 11. Qh5+ Kf8 12. O-O-O fxg5 13. Nxg5 Qf6 14.
Rxd5 Bh6 15. h4 Bf5 16. Rd8+ Kg7 17. Rxh8 Kxh8 18. Bc4 Nc6 19. Kb1 Nd4 20. Nf7+
Kg7 21. Nxh6 Qxh6 22. Qf7+ Kh8 23. Qxb7 Bxc2+ 24. Ka1 Rf8 25. Qe7 Qf6 26. Qxf6+
Rxf6 27. f3 Bb3 28. Bxa6 Nc2+ 29. Kb1 Ne3 30. Rc1 Nxg2 31. Rc8+ Kg7 32. Rc3 Bd5
33. Bf1 Nxh4 34. a4 Nxf3 35. Be2 Nd4 36. Bd3 Rh6 37. Rc7+ Kf6 38. Rxh7 Rxh7 39.
Bxh7 Bc6 40. a5 Bb5 41. b4 Nc6 42. Kb2 Nxb4 43. Kb3 Nc6 44. Bg8 Nxa5+ 45. Kb4
Nc6+ 46. Kxb5 Nd4+ 47. Kc4 Nf5 48. Kd3 Nd6 49. Bd5 e4+ 50. Bxe4 1/2-1/2

[Event "Women's Speed Chess Q2"]
[Site "chess.com INT"]
[Date "2020.06.19"]
[Round "8"]
[White "Berzina, Ilze"]
[Black "Antova, Gabriela"]
[Result "1-0"]
[WhiteTitle "WGM"]
[BlackTitle "FM"]
[WhiteElo "2192"]
[BlackElo "2255"]
[WhiteFideId "11601345"]
[BlackFideId "2915235"]
[EventDate "2020.06.19"]

1. e4 c5 2. Nf3 Nc6 3. Bb5 e6 4. O-O Nge7 5. Re1 a6 6. Bf1 b5 7. c3 e5 8. d4 d6
9. a4 Rb8 10. dxe5 dxe5 11. Qxd8+ Kxd8 12. axb5 axb5 13. Na3 b4 14. Nc4 Be6 15.
Ncxe5 f6 16. Nxc6+ Nxc6 17. Bf4 Rc8 18. Rad1+ Ke8 19. Bb5 Kf7 20. cxb4 Nxb4 21.
Bd7 Ra8 22. Bxe6+ Kxe6 23. Rd2 Be7 24. Red1 Rhd8 25. Rxd8 Rxd8 26. Rxd8 Bxd8 27.
Bd2 Nd3 28. Bc3 Bc7 29. Kf1 Bf4 30. Ke2 Nc1+ 31. Kd1 Nd3 32. Ke2 Nc1+ 33. Kf1
Nd3 34. g3 Bc1 35. b3 Ba3 36. Nd2 Bc1 37. Ke2 Bxd2 38. Kxd3 Bc1 39. Kc4 Kd6 40.
f4 Kc6 41. Be1 Be3 42. Bc3 h5 43. e5 fxe5 44. Bxe5 g6 45. h3 Bg1 46. g4 hxg4 47.
hxg4 Be3 48. f5 gxf5 49. gxf5 Bh6 50. f6 Bf8 51. Bf4 Kd7 52. Kd5 1-0

[Event "Women's Speed Chess Q2"]
[Site "chess.com INT"]
[Date "2020.06.19"]
[Round "8"]
[White "Shvedova, Alexandra"]
[Black "Zhuravleva, Olga"]
[Result "1/2-1/2"]
[WhiteTitle "WFM"]
[BlackTitle "WIM"]
[WhiteElo "1994"]
[BlackElo "2278"]
[WhiteFideId "54154782"]
[BlackFideId "4145933"]
[EventDate "2020.06.19"]

1. e4 e5 2. Nf3 Nc6 3. Bc4 Nf6 4. d3 d5 5. exd5 Nxd5 6. O-O Bc5 7. Nc3 Nb6 8.
Bb3 O-O 9. h3 h6 10. Re1 Bd6 11. Nb5 Bf5 12. Nxd6 cxd6 13. d4 e4 14. Nh2 d5 15.
Nf1 Qf6 16. c3 Qg6 17. Kh1 Be6 18. Ne3 f5 19. c4 dxc4 20. d5 Rad8 21. Nxc4 Nxd5
22. Qe2 Nd4 23. Qf1 Kh8 24. Ne3 Nxe3 25. fxe3 Nc6 26. Bxe6 Qxe6 27. b3 Nb4 28.
Ba3 Qb6 29. Red1 Rxd1 30. Rxd1 Rc8 31. Bxb4 Qxb4 32. Qxf5 Re8 33. Qf7 Qb5 34.
Rd7 Rg8 35. Rxb7 Qd3 36. Re7 Qxe3 37. Re8 Qc1+ 38. Kh2 Rxe8 39. Qxe8+ Kh7 40.
Qxe4+ Kg8 41. Qe8+ Kh7 42. Qe4+ Kh8 43. Qe8+ Kh7 44. Qe4+ 1/2-1/2

[Event "Women's Speed Chess Q2"]
[Site "chess.com INT"]
[Date "2020.06.19"]
[Round "8"]
[White "Toncheva, Nadya"]
[Black "Shuvalova, Polina"]
[Result "1/2-1/2"]
[WhiteTitle "WFM"]
[BlackTitle "WGM"]
[WhiteElo "2064"]
[BlackElo "2454"]
[WhiteFideId "2924056"]
[BlackFideId "24171760"]
[EventDate "2020.06.19"]

1. d4 Nf6 2. c4 e6 3. Nc3 d5 4. cxd5 Nxd5 5. Nf3 c5 6. e4 Nxc3 7. bxc3 cxd4 8.
cxd4 Bb4+ 9. Bd2 Bxd2+ 10. Qxd2 O-O 11. Be2 b6 12. O-O Bb7 13. Qe3 Nc6 14. Rfd1
Rc8 15. Rac1 Re8 16. h3 h6 17. Bf1 Qd6 18. Qd2 Red8 19. Bb5 Ne7 20. Rxc8 Rxc8
21. Bd3 a6 22. Rc1 Rxc1+ 23. Qxc1 Nc6 24. Qc3 b5 25. a3 g5 26. Bc2 a5 27. Qd3
Kf8 28. Qxb5 Qc7 29. Qc5+ Ke8 30. d5 exd5 31. exd5 Qe7 32. Qb6 Nd8 33. Qxa5 Qd6
34. Qb5+ Kf8 35. Qb4 Qxb4 36. axb4 Bxd5 37. Nd4 f6 38. Bb3 Bxb3 39. Nxb3 Ke7 40.
Kf1 Kd6 41. Ke2 Nc6 42. b5 Ne5 43. Nd4 Kc5 44. Ke3 Nc4+ 45. Kd3 Nb2+ 46. Kc3
Na4+ 47. Kd3 Nb2+ 48. Ke4 Nd1 49. Ne6+ Kxb5 50. f4 Kc6 51. Kf5 Ne3+ 52. Kxf6
Nxg2 53. Nxg5 Nxf4 54. Nf7 Nxh3 55. Nxh6 1/2-1/2

[Event "Women's Speed Chess Q2"]
[Site "chess.com INT"]
[Date "2020.06.19"]
[Round "8"]
[White "Nguyen, Thi Mai Hung"]
[Black "Kanyamarala, Trisha"]
[Result "1-0"]
[WhiteTitle "WGM"]
[BlackTitle "WIM"]
[WhiteElo "2258"]
[BlackElo "2193"]
[WhiteFideId "12401676"]
[BlackFideId "45004722"]
[EventDate "2020.06.19"]

1. d4 Nf6 2. c4 e6 3. Nf3 d5 4. g3 dxc4 5. Bg2 a6 6. O-O Nc6 7. a4 Be7 8. Qc2
O-O 9. Qxc4 Na5 10. Qc2 Bd7 11. Ne5 Nd5 12. Bd2 Nc6 13. Nxd7 Qxd7 14. e3 Rac8
15. Nc3 Ncb4 16. Qb3 c5 17. dxc5 Bxc5 18. Rfd1 Nxc3 19. Bxc3 Qe7 20. Rac1 a5 21.
Rd2 Rfd8 22. Rcd1 Rxd2 23. Rxd2 h6 24. Qd1 Bb6 25. Qg4 f5 26. Qg6 Qf7 27. Qxf7+
Kxf7 28. Bxb7 Rc7 29. Bf3 Na2 30. Be5 Rc1+ 31. Kg2 Nb4 32. Rd7+ Ke8 33. Rxg7 Nd3
34. Bc3 Rxc3 35. bxc3 Ne1+ 36. Kf1 Nxf3 37. h4 Nd2+ 38. Ke2 Ne4 39. c4 Nc3+ 40.
Kd3 Nxa4 41. Rg6 Nc5+ 42. Kc2 Ne4 43. f3 Nc5 44. Rxh6 Kf7 45. h5 Bc7 46. Rh7+
Kf6 47. Rxc7 Kg5 48. Rxc5 1-0

[Event "Women's Speed Chess Q2"]
[Site "chess.com INT"]
[Date "2020.06.19"]
[Round "8"]
[White "Rakhmangulova, Anastasiya"]
[Black "Mammadova, Gulnar"]
[Result "1-0"]
[WhiteTitle "WIM"]
[BlackTitle "IM"]
[WhiteElo "2191"]
[BlackElo "2382"]
[WhiteFideId "14117479"]
[BlackFideId "13403508"]
[EventDate "2020.06.19"]

1. e4 g6 2. d4 Bg7 3. Nf3 d6 4. Bc4 e6 5. Qe2 c6 6. Bb3 Ne7 7. Nc3 a5 8. a4 b6
9. Bg5 h6 10. Bf4 O-O 11. h4 Ba6 12. Qd2 h5 13. Bh6 c5 14. Bxg7 Kxg7 15. Nb5
Bxb5 16. axb5 d5 17. exd5 Nxd5 18. dxc5 bxc5 19. O-O-O Qb6 20. Bxd5 exd5 21.
Qxd5 Ra7 22. g4 hxg4 23. Ne5 Qxb5 24. h5 Rb7 25. Nc4 Qc6 26. Qe5+ f6 27. Qc3 Rd7
28. hxg6 Rxd1+ 29. Rxd1 Kxg6 30. Qd3+ Kg7 31. Ne3 f5 32. Nxf5+ Kf6 33. Ng3 Rf7
34. Nh5+ Kg5 35. Ng3 Nd7 36. Rh1 Qf3 37. Rh5+ Kf6 38. Rf5+ Ke6 39. Rxf3 Rxf3 40.
Qc4+ Kd6 41. Qxg4 Ne5 42. Qa4 Kd5 43. Qxa5 Rxf2 44. Qe1 Rf3 45. Qe4+ Ke6 46. Ne2
Kd6 47. Nc3 Rf1+ 48. Kd2 Rf2+ 49. Ke1 Rh2 50. Qd5+ Kc7 51. Qxe5+ Kb6 52. Qxh2 1-0